Normal view
MARC view
- Supervisor. ASMA HYDER
Entry Personal Name
001 - CONTROL NUMBER
- control field: 127867
003 - CONTROL NUMBER IDENTIFIER
- control field: NUST
005 - DATE AND TIME OF LATEST TRANSACTION
- control field: 20250214160346.0
008 - FIXED-LENGTH DATA ELEMENTS
- fixed length control field: 250214|| aca||aabn | a|a d
040 ## - CATALOGING SOURCE
- Original cataloging agency: NUST
- Transcribing agency: NUST
100 ## - HEADING--PERSONAL NAME
- Personal name: Supervisor. ASMA HYDER
670 ## - SOURCE DATA FOUND
- Source citation: Work cat.: (NUST)331479: Zia,Nabiha 5114, Existence and anatomy of job polarization in Pakistan/, 2017
